000 00705cam a2200229ua 4500
005 20230909154856.0
008 150813n ii |||gr||||Z||||||asm
020 _a9788173394874
040 _cMAIN
_aIN-DiNC
041 _dasm
082 _a301
_bSAI
100 _aSaikia, Utpal,
_eauthor
245 1 _aUchchattar madhyamik samajtattwa :
_bsamajtattwa parichay aru samajbodh (pratham barshikar babe) /
_cby Utpal Saikia and Mridul Saikia
250 _a1st ed.
260 _aDibrugarh:
_bBanalata,
_c2010.
300 _a238p.
650 _aSociology for class XI
653 _aSociology & anthropology
653 _aSociology for HS 1st year
700 _aSaikia, Mridul,
_eauthor
942 _cBK
_2ddc
999 _c8426
_d8426